Database systems : (رقم التسجيلة. 31903)
[ عرض عادي ]
| 000 -الفاتح | |
|---|---|
| حقل البيانات ثابتة الطول | 01211cam a2200313 a 4500 |
| 001 - رقم الضبط | |
| رقم الضبط | 15561838 |
| 003 - محدد رقم الضبط | |
| رقم الضبط | OSt |
| 005 - وقت وتاريخ اخر تعامل مع التسجيلة | |
| رقم الضبط | 20150408114149.0 |
| 008 - عناصر البيانات ثابتة الطول - معلومات عامة | |
| حقل البيانات ثابتة الطول | 081218s2010 maua b 001 0 eng |
| 010 ## - رقم ضبط مكتبة الكونجرس | |
| رقم ضبط مكتبة الكونجرس | 2008055021 |
| 020 ## - الرقم الدولى المعيارى للكتب | |
| الرقم الدولى المعيارى للكتاب | 9780321523068 |
| 020 ## - الرقم الدولى المعيارى للكتب | |
| الرقم الدولى المعيارى للكتاب | 9780321601100 |
| 035 ## - رقم ضبط النظام | |
| رقم ضبط النظام | (OCoLC)ocn289070839 |
| 040 ## - مصدر الفهرسة | |
| وكالة الفهرسة الأصلية | DLC |
| وكالة النسخ | DLC |
| وكالة التعديل | YDXCP |
| -- | YDX |
| -- | BWKUK |
| -- | BWX |
| -- | DLC |
| 050 00 - رقم طلب مكتبة الكونجرس | |
| رقم التصنيف | QA76.9.D26 |
| رقم المادة | C66 2010 |
| 082 00 - رقم تصنيف ديوى العشرى | |
| رقم التصنيف | 005.74 |
| رقم الطبعة | 22 |
| رقم المادة | CTD |
| 100 1# - المدخل الرئيسى - إسم شخصى | |
| الإسم الشخصى | Connolly, Thomas M. |
| 245 10 - بيان العنوان | |
| العنوان | Database systems : |
| بقية العنوان | a practical approach to design, implementation, and management / |
| بيان المسئوليه,etc | Thomas M. Connolly, Carolyn E. Begg. |
| 250 ## - بيان الطبعة | |
| بيان الطبعة | 5th ed. |
| 260 ## - PUBLICATION, DISTRIBUTION, ETC. (IMPRINT) | |
| مكان الناشر او الموزع | Boston ; |
| -- | London : |
| اسم الناشر او الموزع | Addison-Wesley, |
| تاريخ النشر أو التوزيع | c2010. |
| 300 ## - الوصف المادى | |
| التعداد | 1 v. (various pagings) : |
| تفاصيل ماديه اخرى للوعاء | ill. (some col.) ; |
| أبعاد الوعاء | 23 cm. |
| 504 ## - تبصرة ببليوجرافية | |
| تبصرة ببليوجرافية,الخ | Includes bibliographical references and index. |
| 650 #0 - المدخل الاضافى بالموضوع-مصطلح موضوعى | |
| مصطلح موضوعي أو اسم جغرافي كعنصر مدخل | Database design. |
| 9 (RLIN) | 4856 |
| 650 #0 - المدخل الاضافى بالموضوع-مصطلح موضوعى | |
| مصطلح موضوعي أو اسم جغرافي كعنصر مدخل | Database management. |
| 700 1# - المدخل الاضافى - اسم شخصى | |
| الإسم الشخصى | Begg, Carolyn E. |
| 9 (RLIN) | 8444 |
| 906 ## - عنصر بيانات محلى F, LDF (RLIN) | |
| a | 7 |
| b | cbc |
| c | orignew |
| d | 1 |
| e | ecip |
| f | 20 |
| g | y-gencatlg |
| 942 ## - عناصر المدخل الإضافي( كوها) | |
| مصدر التصنيف او مخطط الترفيف | Dewey Decimal Classification |
| Koha [default] item type | كتاب |
| حالة الفقد | نموذج السعر الفعال | حالة تلف | ليس للاعارة | رقم الطلب | تاريخ الاكتساب | الموقع الحالي | الباركود | الفرع الرئيسي | Date last seen | نوع المادة فى نظام كوها | مصدر التصنيف او خطة الترفيف | Total Checkouts | Date last checked out | Total Renewals |
|---|---|---|---|---|---|---|---|---|---|---|---|---|---|---|
| 2013-11-11 | 005.74 CTD | 2013-11-11 | المكتبة المركزية بالمجمعة (CL) | 00651057 | المكتبة المركزية بالمجمعة (CL) | 2013-11-11 | كتاب | Dewey Decimal Classification | ||||||
| 2013-11-11 | 005.74 CTD | 2013-11-11 | المكتبة المركزية بالمجمعة (CL) | 00651058 | المكتبة المركزية بالمجمعة (CL) | 2013-11-11 | كتاب | Dewey Decimal Classification | ||||||
| 2013-11-11 | 005.74 CTD | 2013-11-11 | المكتبة المركزية بالمجمعة (CL) | 00651059 | المكتبة المركزية بالمجمعة (CL) | 2013-11-11 | كتاب | Dewey Decimal Classification | ||||||
| 2013-11-11 | 005.74 CTD | 2013-11-11 | المكتبة المركزية بالمجمعة (CL) | 00651061 | مكتبة مجمع الكليات بالزلفى - طلاب (SZM) | 2018-08-28 | كتاب | Dewey Decimal Classification | 2 | 2018-08-28 | ||||
| 2013-11-11 | 005.74 CTD | 2013-11-11 | المكتبة المركزية بالمجمعة (CL) | 00651062 | مكتبة مجمع الكليات بالزلفى - طلاب (SZM) | 2018-08-28 | كتاب | Dewey Decimal Classification | 3 | 2018-08-28 | 1 | |||
| 2013-11-12 | 005.74 CTD | 2013-11-12 | المكتبة المركزية بالمجمعة (CL) | 00651288 | المكتبة المركزية بالمجمعة (CL) | 2013-11-12 | كتاب | Dewey Decimal Classification | ||||||
| 2013-11-12 | 005.74 CTD | 2013-11-12 | المكتبة المركزية بالمجمعة (CL) | 00651289 | المكتبة المركزية بالمجمعة (CL) | 2013-11-12 | كتاب | Dewey Decimal Classification | ||||||
| 2013-11-12 | 005.74 CTD | 2013-11-12 | المكتبة المركزية بالمجمعة (CL) | 00651290 | المكتبة المركزية بالمجمعة (CL) | 2013-11-12 | كتاب | Dewey Decimal Classification | ||||||
| 2013-11-11 | 005.74 CTD | 2013-11-11 | مكتبة مجمع الكليات بالزلفى - طلاب (SZM) | 00651060 | مكتبة مجمع الكليات بالزلفى - طلاب (SZM) | 2013-11-11 | كتاب | Dewey Decimal Classification | ||||||
| 2013-11-12 | 005.74 CTD | 2013-11-12 | مكتبة مجمع الكليات بالزلفى - طلاب (SZM) | 00651291 | مكتبة مجمع الكليات بالزلفى - طلاب (SZM) | 2014-11-20 | كتاب | Dewey Decimal Classification | 1 | 2014-08-26 | ||||
| 2013-11-12 | 005.74 CTD | 2013-11-12 | مكتبة مجمع الكليات بالزلفى - طلاب (SZM) | 00651292 | مكتبة مجمع الكليات بالزلفى - طلاب (SZM) | 2013-11-12 | كتاب | Dewey Decimal Classification | ||||||
| 2013-11-12 | 005.74 CTD | 2013-11-12 | مكتبة مجمع الكليات بالزلفى - طلاب (SZM) | 00651293 | مكتبة مجمع الكليات بالزلفى - طلاب (SZM) | 2013-11-12 | كتاب | Dewey Decimal Classification |
